Hành trình đi dự Hội nghị Trung ương Đảng, tháng 5 năm 1941 /

Spremljeno u:
Bibliografski detalji
Glavni autor: Trần Giang.
Format: Članak
Jezik:Vietnamese
Teme:
Oznake: Dodaj oznaku
Bez oznaka, Budi prvi tko označuje ovaj zapis!
Thư viện lưu trữ: Thư viện Trường Đại học Đà Lạt
LEADER 00828nam a2200277 4500
001 DLU090070857
005 ##20090520
040 # # |a DLU  |b vie 
041 # # |a vie 
044 # # |a vn 
100 # # |a Trần Giang. 
245 # # |a Hành trình đi dự Hội nghị Trung ương Đảng, tháng 5 năm 1941 /  |c Trần Giang. 
653 # # |a Hồi ký cách mạng 
653 # # |a Hội nghị Trung ương 8 
653 # # |a Kháng chiến chống Pháp 
653 # # |a Sự kiện lịch sử 
773 # # |t Lịch sử Đảng  |g Số 1(182), 2006, tr. 50-55 
920 # # |a Phòng Tạp chí -- Trung tâm Thông tin - Thư viện Trường Đại học Đà Lạt 
994 # # |a DLU 
900 # # |a True 
911 # # |a Trịnh Ngọc Pháp 
925 # # |a G 
926 # # |a A 
927 # # |a BB 
980 # # |a Thư viện Trường Đại học Đà Lạt